Mechanical engineering: (Record no. 153608)

MARC details
000 -LEADER
fixed length control field 00880nam a22002297a 4500
005 - DATE AND TIME OF LATEST TRANSACTION
control field 20190330164649.0
010 ## - LCCN (DPL NO)
LC control number ENG-123402 B-719511
020 ## - INTERNATIONAL STANDARD BOOK NUMBER
International Standard Book Number 9788121906289
Terms of availability 650.00
035 ## - SYSTEM CONTROL NUMBER
System control number EN-106934
035 ## - SYSTEM CONTROL NUMBER
System control number B-719511
037 ## - SOURCE OF ACQUISITION
Source of stock number/acquisition DBAD/PUB
082 ## - DEWEY DECIMAL CLASSIFICATION NUMBER
Classification number 621
100 ## - MAIN ENTRY--PERSONAL NAME
Personal name Khurmi, R.S.
245 ## - TITLE STATEMENT
Title Mechanical engineering:
Statement of responsibility, etc by R.S.Khurmi [and] J.K.Gupta
Remainder of title conventional and objective type /
260 ## - PUBLICATION, DISTRIBUTION, ETC. (IMPRINT)
Place of publication, distribution, etc New Delhi
Name of publisher, distributor, etc S.Chand
Date of publication, distribution, etc 2018
270 ## - ADDRESS
Address 7361, Ram Nagar
City New Delhi
Postal code 110055
300 ## - PHYSICAL DESCRIPTION
Extent xi, 842p.:
Other physical details ill.
Dimensions 24cm(pbk)
500 ## - GENERAL NOTE
General note It includes index and 5000+ objective questions with hints
700 ## - ADDED ENTRY--PERSONAL NAME
Personal name Gupta, J.K.
942 ## - ADDED ENTRY ELEMENTS (KOHA)
Source of classification or shelving scheme Dewey Decimal Classification
Item type English Books
Call number suffix KHU
Classification part 621
Holdings
Withdrawn status Lost status Not for loan Collection code Home library Current library Date acquired Source of acquisition Cost, normal purchase price Full call number Barcode Copy number Cost, replacement price Koha item type
      Non-fiction Sarojini Nagar Sarojini Nagar 30/03/2019 Aksharesh Enterprises/0012/27-03-19/720/16-03-19/29-03-19 650.00 621 KHU B-719511 1 650.00 English Books
      Non-fiction Shahdara Branch Shahdara Branch 09/07/2018 DBAD/PUB 650.00 621 KHU EN-106934 1 650.00 English Books

© Delhi Public Library
Hit Counter
free hit counter